01381nam a2200349 a 4500001001100000003000800011006001900019007001500038008004100053010001700094015001500111016001900126020001500145020001900160040002100179035002100200050002200221082002500243245013100268260003600399300001400435504005100449533015200500650006300652651005500715651005500770655002900825700002000854710001700874856012500891999001501016ebr5001663CaPaEBRm u cr cn|||||||||010917s1999 enk sb 001 0 eng  z 98032036  aGBA1-528347 a03337414712Uk z0333741471 z0312220359(US) aCaPaEBRcCaPaEBR a(OCoLC)55967948214aE841b.N44 1999eb04a320.51309730904622100aNew left, new right and beyondh[electronic resource] :btaking the sixties seriously /cedited by Geoff Andrews ... [et al.]. aBasingstoke :bPalgrave,c1999. ax, 207 p. aIncludes bibliographical references and index. aElectronic reproduction.bPalo Alto, Calif. :cebrary,d2013.nAvailable via World Wide Web.nAccess may be limited to ebrary affiliated libraries. 0aRight and left (Political science)xHistoryy20th century. 0aUnited StatesxPolitics and governmenty1961-1963. 0aUnited StatesxPolitics and governmenty1963-1969. 7aElectronic books.2local1 aAndrews, Geoff.2 aebrary, Inc.40uhttp://site.ebrary.com/lib/rucke/Doc?id=5001663zAn electronic book accessible through the World Wide Web; click to view c1272d1272